Statistics for Kommunevåpen i Innlandet

Click here to take the quiz!

General Stats

  • This quiz has been taken 25 times
  • The average score is 7 of 15

Answer Stats

Answer% Correct
Hamar
83%
Lillehammer
78%
Dovre
74%
Gjøvik
65%
Kongsvinger
65%
Elverum
52%
Sel
48%
Løten
43%
Stange
43%
Ringebu
39%
Trysil
35%
Ringsaker
30%
Gran
26%
Vestre Slidre
17%
Eidskog
13%

Score Distribution

Percentile by Number Answered

Percent of People with Each Score

Your Score History

You have not taken this quiz